000 00714nam a22002537a 4500
003 UA-OsUOA
001 44864
007 ta
008 20070315b un ||||| |||| 00| 0 ukr d
100 _aДженнингс Р.
090 _a004. 65 (075.8)
_bД 40
942 _cBK
040 _aUA-OsUOA
_brus
_cUA-OsUOA
_dUA-OsUOA
245 _aИспользование Microsoft Offise Access 2003
300 _a1312 с.
955 _a2
041 _arus
080 _a004. 65 (075.8)
020 _a5-8459-0691-1
260 _aМ.
_bВильямс
_c2006
250 _nСпециальное издание
650 7 _a00 Загальні питання науки і культури
_2UDC
999 _c330995
_d330995